Statystyki dla Prezesi PZPN od 1989 roku

Kliknij tutaj aby rozwiązać quiz!

Ogólne statystyki

  • Ten quiz został rozwiązany 267 razy
  • Średni wynik to 3 z 6

Statystyki odpowiedzi

OkresPrezes PZPN% Poprawnych
2012-Zbigniew Boniek
100%
2008-2012Grzegorz Lato
92%
1999-2008Michał Listkiewicz
53%
1991-1995Kazimierz Górski
26%
1995-1999Marian Dziurowicz
17%
1989-1991Jerzy Domański
3%

Rozkład punktacji

Percentyl według liczby udzielonych odpowiedzi

Procent ludzi z każdym wynikiem

Twoja historia wyników

Nie rozwiązałeś tego quizu